01093nam a2200265Ia 4500001000600000003000900006008004100015040001300056040001300069041001300082100002000095100002900115245003700144245005500181250001100236260001200247260002200259260004900281300005900330500030400389650001500693650003100708700003400739700005400773H1418IT-RoPAU130308s9999 xx 000 0 und d aIT-RoPAU cIT-RoPAU aFRANCESE aM'Bokolo Elikia gCodice Aut. SPICS: 56684 aEthnies et conflits identitaires bIdentite' (L'): L'Individu, le Groupe, la Societe' a1a ed. aAUXERRE bSciences Humaines c1999 [1° Ed.:1999 - Ed.Ling.Originale:1999] a"27 p. (prefazione: no ; testo: 27 [pagine: 319-345])" aEtnie e conflitti Identitari. Esistono le Etnie? di E. M'Bokolo. Conflittiidentitari di F. Thual. I principali movimenti Insurrezzionali tra Il 1994E Il 1995. immaginario nell'Affermazione Identitaria: intervista con J.F. Bayart, a cura di S. Allemand. I Sahraoui: tra Tempo e Spazio di S. Caratini. aPSICOLOGIA eCodice materia Spics: 3601 aThual FrancoisCaratini Sophie gCodice Aut. SPICS: 56685Codice Aut. SPICS: 56686